012290000a22003010004500090001400000700003600014111016100050245010100211300001100312440004500323650003500368650002200403650003700425650004800462650004400510650004100554650003600595690002900631041001300660041001400673044001300687260002600700260001600726260000800742942001100750999001700761952014900778 aMMb001831 aGómez, RicardorComp.91009732 aWorkshop Environmental Pollution and Applicability of Remediation Technologies in Latin America CountrieslCartagena - Colombiafdiciembre 4-7, 2000910097410aEnvironmental pollution and applicability of remediation technologies in Latin America countries bCD-ROM 0aBiblioteca ambiental digital, 12910097514aContaminación ambiental935114aPolución91717514aContaminación del suelo97949914aContaminación por metales pesados910097714aContaminación por hidrocarburos9368914aDescontaminación del suelo910097814aRemediación de suelos9100979 aBioremediación91009800 aInglés0 aEspañol aColombia aBogotábUNIDOc2002 bMinambiente bICS cCD-ROM c16559d16559 00102z40708MEDIOSMaBogotabBogotad2004-05-16eMinambientel0oMM 00183p018408r2015-03-25 00:00:00tEj. 1w2015-03-25xDonaciónyCD-ROM